Loading...
| History - European | 0 | 4 | 1 | 1 | 35 | 62 | 91.50 | 0 | 3 | 5.16 | 15.00 |
| History - World | 0 | 3 | 0 | 1 | 30 | 62 | 83.33 | 0 | 2 | 6.46 | 10.00 |
| Science - Physics | 0 | 3 | 1 | 0 | 25 | 20 | 43.33 | 2 | 3 | 17.67 | 27.50 |
| Current Events | 0 | 2 | 0 | 1 | 20 | 88 | 98.50 | 0 | 2 | 3.22 | 25.00 |
| Fine Arts - Other | 0 | 2 | 0 | 2 | 20 | 114 | 114.00 | 0 | 1 | 0.00 | 5.00 |
| Mythology | 0 | 2 | 0 | 1 | 20 | 41 | 77.00 | 1 | 2 | 6.27 | 17.50 |
| Literature - World | 0 | 2 | 0 | 0 | 20 | 109 | 119.00 | 0 | 2 | 0.15 | 10.00 |
| Fine Arts - Painting and Sculpture | 0 | 1 | 0 | 0 | 10 | 117 | 117.00 | 0 | 1 | 0.00 | 2.50 |
| Literature - European | 0 | 1 | 0 | 1 | 10 | 113 | 113.00 | 0 | 1 | 0.00 | 2.50 |
| Geography | 0 | 1 | 0 | 0 | 10 | 82 | 82.00 | 1 | 1 | 5.09 | 20.00 |
| Fine Arts - Classical Music | 0 | 1 | 0 | 1 | 10 | 110 | 110.00 | 0 | 1 | 0.00 | 2.50 |
| Literature - American | 0 | 1 | 0 | 0 | 10 | 93 | 93.00 | 0 | 1 | 1.62 | 5.00 |
| Religion | 0 | 1 | 0 | 0 | 10 | 112 | 112.00 | 0 | 1 | 1.82 | 2.50 |
| Science - Chemistry | 0 | 1 | 0 | 1 | 10 | 93 | 93.00 | 0 | 1 | 0.00 | 2.50 |
| History - Other | 0 | 1 | 1 | 0 | 5 | 23 | 23.00 | 0 | 1 | 8.00 | 7.50 |
| History - American | 0 | 0 | 1 | 0 | -5 | 0.00 | 0 | 0 | 0.00 | 0.00 | |
| Philosophy | 0 | 0 | 1 | 0 | -5 | 0.00 | 0 | 0 | 0.00 | 0.00 |